01189nam a2200301Ia 4500001001200000003000800012006001900020007001500039008004100054020001800095020002200113040002100135035002100156050002400177100002100201245012000222260004600342300001900388500003200407504005100439533015200490650002800642650003000670655002900700710001700729856012600746999001500872ebr10279197CaPaEBRm u cr cn|||||||||041102s2005 enka sb 001 0 eng d z9780195181821 z0195181824 (pbk.) aCaPaEBRcCaPaEBR a(OCoLC)31421020114aQP353b.F548 2005eb1 aFinger, Stanley.10aMinds behind the brainh[electronic resource] :ba history of the pioneers and their discoveries /cStanley Finger. aOxford :bOxford University Press,c2005. a364 p. :bill. aOriginally published: 2000. aIncludes bibliographical references and index. aElectronic reproduction.bPalo Alto, Calif. :cebrary,d2009.nAvailable via World Wide Web.nAccess may be limited to ebrary affiliated libraries. 0aNeurosciencesxHistory. 0aBrainxResearchxHistory. 7aElectronic books.2local2 aebrary, Inc.40uhttp://site.ebrary.com/lib/rucke/Doc?id=10279197zAn electronic book accessible through the World Wide Web; click to view c3767d3767